Debut country skupiny Márgit na Country festivale v Gelnici

Bibliographic Details
Main Author: Kavuličová, Mária (Author)
Format: Article
Language:Slovak
Subjects:
Online Access:http://www.margecany.info/wp-content/uploads/str.-08-2.pdf

MARC

LEADER 00000nab a2200000 ar4500
001 vtls011766159
003 SK-MaSNL
005 20260303082136.0
008 180710c 2016xo mr|p|||||||000 b|slo
038 |a SNSK 
040 |a SNSK  |b slo  |e rda  |c SK 
041 |a slo 
043 |a e-xo- - - 
044 |a xo  |c SK 
080 |a 780.614.13  |2 2011 
080 |a 7.079  |x "2016"  |2 2011 
100 1 |a Kavuličová, Mária  |4 aut  |9 886676 
245 1 0 |a Debut country skupiny Márgit na Country festivale v Gelnici  |c Mária Kavuličová 
300 |b Fotogr. 
610 2 7 |a Márgit (Margecany, Slovensko : country skupina)  |2 SNK  |9 1086584 
611 2 7 |a Country Festival  |d (2016 :  |c Gelnica, Slovensko)  |2 SNK  |9 1086585 
650 0 7 |a seniori  |2 SNKPH  |9 117453 
650 0 7 |a country (hudba)  |2 SNKPH  |9 67799 
651 7 |a Gelnica (Slovensko)  |2 SNKPHgeo  |9 16801 
651 7 |a Margecany (Slovensko)  |2 SNKPHgeo  |9 43538 
651 7 |a Gelnica (Slovensko : okres)  |2 SNKPHgeo  |9 168677 
773 0 |t Hlásnik : informačný spravodajca občanov Margecian  |g Č. 4 (2016), s. 8  |x 1339-3812 
852 |a SNSK  |b KIS3GCP 
856 4 1 |u http://www.margecany.info/wp-content/uploads/str.-08-2.pdf 
999 |c 1786921  |d 1788851